A girafa que comia estrelas (Record no. 45344)

MARC details
000 -Etiqueta do registo
Valores 00760nam a2200253 4500
010 ## - Número ISBN
ISBN 9789722029421
021 ## - Número do Depósito Legal
Número 301024/09
100 ## - Dados gerais de processamento
Dados gerais 20110314d2009 c y0pory5003 ba
101 0# - Língua de publicação
Língua por
102 ## - País de publicação
País PT
200 1# - Titulo e menção de responsabilidade
Título próprio A girafa que comia estrelas
Primeira menção de responsabilidade José Eduardo Agualusa
Outras menções de responsabilidade il. Henrique Cayatte
-- rev. Fernanda Abreu
205 ## - Menção da edição
Edição 8.ª ed.
210 #9 - Publicação
Local de publicação Lisboa
Nome do editor Publicações Dom Quixote,
Data de publicação 2009
215 ## - Descrição física 
Paginação / Volumes [26] p.
Outras indicações físicas il.
Dimensões 24 cm
675 ## - CDU
Notação 087.5
Edição BN
Língua por
675 ## - CDU
Notação 821.134.3(673)-93"19/20"
Edição BN
Língua por
675 ## - CDU
Notação 821.134.3(673)-34"19/20"
Edição BN
Língua por
700 #1 - Autor principal
Apelido Agualusa,
Nome José Eduardo,
Datas 1960-
702 #1 - Autor secundário
Apelido Cayatte,
Nome Henrique,
Datas 1957-
Função 440
702 #1 - Autor secundário
Apelido Abreu,
Nome Fernanda
Função 675
801 #0 - Fonte de origem
País PT
Agência BN
Regras de catalogação RPC
990 ## - Elementos KOHA
Tipo de documento Livro
Holdings
Aquisição Empréstimo Código de barras Cota Permissão de empréstimo Tipo de documento
Biblioteca Municipal de Redondo Biblioteca Municipal de Redondo 056101 82-93 AGU   Livro

Powered by Koha